Nota destacada de las ferias de primavera 1970 : más espacio y nutrida presencia de expositores / I. Clopas Batlle más espacio y nutrida presencia de expositores / I. Clopas Batlle
Publicado:
San Jorge, núm. 82 (2n trimestre 1971), pàg 45 - 46 :
MARC
| LEADER | 00000nam a2200000Ia 4500 | ||
|---|---|---|---|
| 001 | |||
| 008 | 160829s9999 xx 000 0 cat d | ||
| 100 | 1 | |a Clopas i Batlle, Isidre, |d 1913-2001 |9 24339 | |
| 245 | |a Nota destacada de las ferias de primavera 1970 : |b más espacio y nutrida presencia de expositores / I. Clopas Batlle | ||
| 260 | |a San Jorge, núm. 82 (2n trimestre 1971), pàg 45 - 46 | ||
| 650 | |a Fires |x Martorell |9 41036 | ||
| 650 | |a Concert |x Martorell |9 41037 | ||
| 650 | |a Motocròs |x Martorell I |9 41038 | ||
| 650 | |a Sardanes |9 44710 | ||
| 650 | |a Models (Indumentària) |x Martorell |9 41040 | ||
| 650 | |a Curses de cavalls |9 41041 | ||
| 650 | |a Esports |x Martorell |9 41042 | ||
| 901 | |a Arxiu | ||
| 942 | |n 1 | ||
| 952 | |0 0 |1 0 |4 0 |7 1 |9 50006 |a Arxiu |b Arxiu |d 2016-12-01 |l 0 |r 2016-12-01 00:00:00 |w 2016-12-01 |y ARXIU | ||
| 999 | |c 53848 |d 53848 | ||